[Event "World Chess Candidates 2018"]
[Site "Berlin"]
[Date "2018.03.15"]
[Round "5"]
[White "Ding, Liren"]
[Black "Mamedyarov, Shakhriyar"]
[Result "1/2-1/2"]
[WhiteElo "2769"]
[BlackElo "2809"]
[Annotator "TA"]
[PlyCount "61"]
[EventDate "2018.??.??"]
[EventType "tourn"]
[EventCountry "GER"]
[SourceTitle "playchess.com"]
[Source "ChessBase"]
[SourceQuality "1"]

{[%evp 23,61,9,17,6,10,15,9,18,16,18,18,19,16,5,10,12,14,8,1,2,16,0,13,2,8,10,16,0,7,0,2,0,5,2,12,0,16,0,0,0]} 1. d4 Nf6 2. c4 e6 3. Nf3 d5 4. g3 Be7 5. Bg2 O-O 6. O-O dxc4 7. Qc2 a6 8. a4 Bd7 9. Qxc4 Bc6 10. Bf4 Bd6 11. Bg5 Nbd7 12. Nc3 h6 {LiveBook: 40 Games. The position is equal. E05: Open Catalan: 5 Nf3 Be7} 13. Bc1 $146 ({Find the theoretical novelty and annotate with similar games:} 13. Bxf6 Nxf6 14. Nd2 Bxg2 15. Kxg2 a5 16. Rfd1 c6 17. Nde4 Nxe4 18. Nxe4 Bb4 19. Nc5 Qd5+ 20. Qxd5 exd5 {0-1 (96) Banusz,T (2613)-Harikrishna,P (2752) Monzon 2016}) 13... a5 14. b3 Qe7 15. Bb2 Rfd8 16. Rac1 Ba3 17. Bxa3 Qxa3 18. Nb5 Qe7 19. Qc2 Bxf3 20. Bxf3 c6 21. Nc3 Nb6 22. e3 e5 23. dxe5 Qxe5 24. Rfd1 g6 25. Rd2 Rd7 26. Rxd7 Nbxd7 {[%cal Bb6d7,Bd7c5,Bc5e6][%mdl 32]} 27. Rd1 h5 28. Rd4 Nc5 29. h4 Kg7 30. Kg2 Ne6 31. Rd1 {Precision: White = 58%, Black = 51%.} 1/2-1/2

[Event "World Chess Candidates 2018"]
[Site "Berlin"]
[Date "2018.03.16"]
[Round "6"]
[White "Mamedyarov, Shakhriyar"]
[Black "Kramnik, Vladimir"]
[Result "1-0"]
[WhiteElo "2809"]
[BlackElo "2800"]
[Annotator "TA"]
[PlyCount "127"]
[EventDate "2018.??.??"]
[EventType "tourn"]
[EventCountry "GER"]
[SourceTitle "playchess.com"]
[Source "ChessBase"]
[SourceQuality "1"]

{[%evp 16,127,15,3,8,6,12,12,21,22,8,8,0,8,0,6,9,8,8,7,14,14,16,0,14,0,0,0,2,0,8,0,21,10,45,4,14,8,8,0,0,0,8,13,35,36,25,18,79,30,41,15,11,0,343,327,338,325,275,332,401,416,432,416,394,326,309,325,318,325,318,300,350,341,425,425,389,305,346,344,323,207,230,229,217,230,214,235,392,392,615,615,732,729,782,770,679,623,1625,1700,1413,1617,1418,1673,1656,1365,1684,1208,1581,1602,1712,1540,4134,2971]} 1. d4 d5 2. c4 e6 3. Nc3 Nf6 4. cxd5 Nxd5 5. e4 Nxc3 6. bxc3 c5 7. Rb1 Be7 {D35: Queen's Gambit Declined: Exchange Variation} 8. Bb5+ (8. Nf3 O-O 9. Bc4 Nc6 10. O-O b6 11. d5 Na5 12. Bd3 c4 13. Bc2 exd5 14. exd5 Bg4 15. Re1 {½-½ (23) Svidler,P (2765)-Wang,H (2709) Riadh 2017}) 8... Bd7 9. Bd3 {LiveBook: 3 Games} cxd4 {The position is equal.} 10. cxd4 Nc6 11. Be2 $146 ({Predecessor:} 11. Nf3 Nb4 12. O-O Bc6 13. Bc4 b5 14. Ne5 bxc4 15. Rxb4 Bxe4 {½-½ (31) Naroditsky,D (2626)-Shimanov,A (2646) Saint Louis 2017}) 11... Rc8 12. Nf3 $1 Qa5+ 13. Bd2 Bb4 14. Rb2 {next Bxb4 is good for White.} Bxd2+ 15. Qxd2 Qxd2+ 16. Kxd2 Na5 17. Rbb1 Ke7 18. Rhc1 f6 19. h4 Rhd8 20. Bd3 a6 21. Ke3 b5 22. g4 Be8 23. Ng1 Nc6 24. Ne2 Rd6 25. Rd1 Rcd8 {[%cal Rc6d4]} 26. Bc2 Na5 27. Bd3 Nc6 {[%cal Rc6d4]} 28. Bc2 h5 29. g5 fxg5 30. e5 R6d7 31. hxg5 h4 (31... Na5 $11) 32. g6 Na5 33. Rbc1 {Threatens to win with Bd3.} Rc7 34. Bd3 Rdc8 $2 {[%mdl 8192]} (34... Rxc1 $11 {and Black is okay.} 35. Rxc1 Nc4+ 36. Bxc4 bxc4) 35. Rxc7+ $18 Rxc7 36. Rh1 Nc4+ {[#]} 37. Kf4 $1 Nb2 38. Be4 b4 {intending ...Bb5.} 39. Rxh4 Nd1 40. f3 {[%cal Bf2f3,Bf3f4][%mdl 32]} Nc3 41. Nxc3 bxc3 {[%mdl 4096] Endgame KRB-KRB} 42. Rh2 Rc8 43. Ke3 Bb5 44. f4 Bc4 45. Rh7 Rg8 46. a3 a5 47. Bc2 Kd7 48. d5 Bxd5 49. Kd4 {f5 is the strong threat.} Ba2 50. Kxc3 Kc6 51. Rh2 Kc5 $2 (51... Rc8 {keeps fighting.} 52. Kd4 Rd8+ 53. Ke3 Kc7) 52. Rd2 Rh8 (52... Bd5 $142 53. f5 exf5 54. Rxd5+ (54. Bxf5 Rf8 $11) 54... Kxd5 55. Bb3+ Ke4 56. Bxg8 Kxe5) 53. Rd7 {White is clearly winning.} Rh3+ 54. Kb2 Bd5 55. Rxg7 Kd4 56. Rh7 Rg3 57. Rh5 Rg2 {[#]} 58. Rg5 $1 {[%cal Rg5g2]} Rf2 59. g7 Be4 60. g8=Q {White threatens Qd8+ and mate.} Rxc2+ 61. Kb3 Rc3+ 62. Ka4 Rc5 63. Rg2 ({Not} 63. Qd8+ $2 Kc4 $19) 63... Bf3 64. Qd8+ {Precision: White = 78%, Black = 52%.} 1-0

[Event "World Chess Candidates 2018"]
[Site "Berlin"]
[Date "2018.03.16"]
[Round "6"]
[White "So, Wesley"]
[Black "Aronian, Levon"]
[Result "1-0"]
[WhiteElo "2799"]
[BlackElo "2794"]
[Annotator "TA"]
[PlyCount "155"]
[EventDate "2018.??.??"]
[EventType "tourn"]
[EventCountry "GER"]
[SourceTitle "playchess.com"]
[Source "ChessBase"]
[SourceQuality "1"]

{[%evp 24,155,0,5,18,5,13,25,10,14,14,23,17,2,10,20,9,10,19,12,30,28,86,84,93,83,73,45,52,50,52,48,76,54,52,23,104,61,79,69,129,128,81,0,118,113,318,124,212,183,360,366,398,466,526,514,514,519,489,468,510,523,554,554,554,486,512,489,550,545,549,543,550,459,450,0,550,545,720,712,754,566,759,683,773,688,664,570,1542,1307,29970,29966,29966,29955,29956,29949,7204,5102,5102,5102,5102,5102,5102,5102,29960,29961,29961,29951,5302,1064,5102,5097,5061,4257,1991,1811,1888,1908,1737,1234,1889,1755,29971,29973,10457,7120,29977,29979,29984,29985,29985,29977,4133,2319]} 1. e4 e5 2. Nf3 Nc6 3. Bb5 {[%cal Bf1b5,Bb5a4,Ba4b3][%mdl 32]} a6 4. Ba4 Nf6 5. O-O Be7 6. Re1 b5 7. Bb3 O-O 8. a4 b4 9. a5 d6 10. d3 Be6 11. Bxe6 {C88: Closed Ruy Lopez: Anti-Marshall Systems} fxe6 12. Nbd2 Rb8 13. Nb3 {LiveBook: 3 Games. The position is equal.} Qc8 {[#]} 14. h3 $146 ({Find the theoretical novelty and annotate with similar games:} 14. Qe2 Nd8 15. d4 exd4 16. Nbxd4 c5 17. Nb3 e5 18. Nbd2 Ne6 19. Nc4 Nd4 20. Nxd4 cxd4 {½-½ (43) Caruana,F (2807)-Carlsen,M (2822) Saint Louis 2017}) 14... Nd8 15. Be3 c5 16. Nbd2 Nc6 17. c3 Rb5 18. d4 exd4 19. cxd4 Nxa5 20. dxc5 dxc5 21. Ra2 Qb7 22. b3 Kh8 (22... Nd7 $11) 23. Qc2 $16 Nd7 24. Rea1 Bd8 25. Nc4 Nxc4 26. Qxc4 Bf6 27. Rd1 {[%mdl 1024] White has compensation.} Qc6 28. Rad2 Nb6 29. Qc2 {next e5 is good for White.} Qc7 (29... Qc8 $1 $11 {keeps the balance.}) 30. e5 Be7 31. Nd4 Rc8 ({Black should play} 31... Qxe5 $14 32. Nxb5 axb5) 32. Nxe6 $40 {[%mdl 128] White attacks with force.} Qxe5 {[#]} 33. Nf4 (33. Rd6 $1 $16) 33... Rf8 (33... Kg8 $11 {remains equal.}) 34. Re2 {Threatens to win with Bc1.} Qc3 $2 (34... Bf6 $16 {was worth a try.}) 35. Qb1 $2 (35. Qa2 $18 {and White stays clearly on top.}) 35... Qf6 (35... Rg8 $16 {was necessary.} 36. Qa2 Ra8) 36. Bc1 {Hoping for Bb2.} c4 $2 (36... Qf7 {was called for.}) 37. bxc4 $18 Nxc4 38. Re6 Qg5 {[#]} 39. Ng6+ $1 {[%mdl 512]} Qxg6 (39... hxg6 40. Bxg5) 40. Rxg6 hxg6 41. Qe4 Bf6 42. Qxc4 b3 43. Ba3 Rfb8 44. Rb1 b2 45. h4 Ra5 46. Qd3 Rd8 47. Qb3 Rc8 48. Qb7 Rd8 49. Qb3 ({Less strong is} 49. Bxb2 Rb5 $18) 49... Rc8 $1 50. Qb4 Rb5 51. Qg4 Rc3 52. Bxb2 Rxb2 53. Rxb2 {White threatens Rb8+ and mate.} Rc1+ 54. Kh2 {White wants to mate with Rb8+.} Bxb2 55. Qxg6 {[%mdl 4096] Endgame KQ-KRB} Ra1 56. g4 a5 57. Qh5+ Kg8 58. Qb5 Ba3 59. Qe5 Rd1 60. Qe6+ Kh7 61. Qe4+ Kh8 62. Qa8+ Kh7 63. Qxa5 Bd6+ 64. Kg2 Rd4 65. Qf5+ Kh8 66. Qh5+ Kg8 67. g5 Kf8 68. Qg6 Be7 69. Qf5+ Ke8 70. Kh3 Rd6 71. Qh7 Kf7 72. f4 Rd4 73. Qf5+ Ke8 74. Qe5 Rb4 75. Kg4 Kf8 76. Qf5+ Ke8 77. Qe6 Rd4 78. Qe5 {Precision: White = 86%, Black = 38%.} 1-0

[Event "World Chess Candidates 2018"]
[Site "Berlin"]
[Date "2018.03.16"]
[Round "6"]
[White "Caruana, Fabiano"]
[Black "Grischuk, Alexander"]
[Result "1/2-1/2"]
[WhiteElo "2784"]
[BlackElo "2767"]
[Annotator "TA"]
[PlyCount "71"]
[EventDate "2018.??.??"]
[EventType "tourn"]
[EventCountry "GER"]
[SourceTitle "playchess.com"]
[Source "ChessBase"]
[SourceQuality "1"]

{[%evp 19,71,35,32,24,19,30,15,0,31,26,47,48,51,58,37,48,43,40,52,40,50,35,35,39,54,52,65,52,55,45,41,0,0,8,46,33,31,38,36,37,35,35,82,49,43,47,58,47,37,0,65,0,41,0]} 1. d4 Nf6 2. c4 g6 3. Nf3 Bg7 4. e3 O-O 5. Be2 c5 6. d5 {E60: King's Indian: Unusual lines and Fianchetto Variation without Nc3} e6 7. Nc3 exd5 (7... b6 8. O-O exd5 9. cxd5 Re8 10. Nd2 Ba6 11. Re1 d6 12. e4 Qc8 13. a4 {1-0 (38) Nakamura,H (2787)-Nepomniachtchi,I (2751) Moscow 2018}) 8. cxd5 d6 9. Nd2 Na6 10. O-O Nc7 {LiveBook: 17 Games} 11. e4 Re8 12. a4 {[%cal Ba2a4,Ba4a5][%mdl 32]} Rb8 13. f3 $146 a6 14. a5 Bd7 15. Nc4 Bb5 16. Bg5 Bxc4 17. Bxc4 b5 18. axb6 $1 Rxb6 19. Na4 Rb4 20. b3 Qc8 21. Bf4 Qd7 22. Ra2 Nh5 23. Be3 Rbb8 24. Qd2 Nb5 25. g4 Nf6 26. Nb2 Qc8 27. Bf4 Nd7 28. Bxb5 axb5 29. Bxd6 Rb6 30. Bg3 c4 {[#] Hoping for ...c3.} 31. bxc4 bxc4 32. Qe2 Rb4 33. Bd6 Rb6 $1 {[%cal Rb6d6]} 34. Bg3 (34. Bf4 $5 {[%cal Rb2c4]} c3 35. Nd3 $14) 34... Rb4 $1 35. Bd6 Rb6 $1 {[%cal Rb6d6]} 36. Bg3 {Precision: White = 75%, Black = 75%.} 1/2-1/2

[Event "World Chess Candidates 2018"]
[Site "Berlin"]
[Date "2018.03.16"]
[Round "6"]
[White "Ding, Liren"]
[Black "Karjakin, Sergey"]
[Result "1/2-1/2"]
[WhiteElo "2769"]
[BlackElo "2763"]
[Annotator "TA"]
[PlyCount "35"]
[EventDate "2018.??.??"]
[EventType "tourn"]
[EventCountry "GER"]
[SourceTitle "playchess.com"]
[Source "ChessBase"]
[SourceQuality "1"]

{[%evp 19,35,37,28,8,10,8,13,0,0,0,0,0,0,0,0,0,0,0]} 1. Nf3 d5 2. g3 g6 3. d4 Bg7 4. Bg2 Nf6 5. c4 dxc4 6. O-O O-O 7. Na3 c5 8. dxc5 c3 {D77: Fianchetto Grünfeld: 6 0-0: Replies other than 6...c6} 9. Nb5 Na6 {[%cal Bb8a6,Ba6c5,Bc5e6][%mdl 32]} 10. Nxc3 Nxc5 {LiveBook: 5 Games. White is slightly better.} 11. Nd4 $146 ({Find the theoretical novelty and annotate with similar games:} 11. Be3 Nfe4 12. Nxe4 Nxe4 13. Bd4 Bxd4 14. Qxd4 Qxd4 15. Nxd4 Nd6 16. Rac1 {1-0 (55) Kramnik,V (2787)-Wei,Y (2743) Wijk aan Zee 2018}) 11... Qb6 {The position is equal.} 12. Be3 {[#] And now Nb3 would win.} Qxb2 13. Ncb5 Ne6 14. Rb1 Qxa2 15. Ra1 Qb2 {aiming for ...Nxd4.} 16. Rb1 Qa2 17. Ra1 Qb2 {White must now prevent ...Nxd4.} 18. Rb1 1/2-1/2

[Event "World Chess Candidates 2018"]
[Site "Berlin"]
[Date "2018.03.18"]
[Round "7"]
[White "Kramnik, Vladimir"]
[Black "Ding, Liren"]
[Result "1/2-1/2"]
[WhiteElo "2800"]
[BlackElo "2769"]
[Annotator "TA"]
[PlyCount "147"]
[EventDate "2018.??.??"]
[EventType "tourn"]
[EventCountry "GER"]

{[%evp 19,147,8,0,0,14,1,22,0,8,0,0,0,16,0,18,11,39,0,0,-41,-27,-47,-34,-85,0,-65,-70,-77,-62,-72,-71,-64,-72,-69,-61,-94,-59,-62,-69,-18,0,0,0,0,0,0,0,0,0,0,0,0,0,0,0,0,0,0,0,0,0,0,0,0,0,-8,-8,-15,-8,-8,-8,-8,-8,-8,-8,-8,-8,-8,-8,-8,0,-8,-8,-8,0,-8,0,-8,0,-8,-8,-8,-8,-10,-10,-11,-11,-11,-11,-11,-12,-42,-44,-44,0,0,0,0,0,0,0,-110,0,0,0,-111,0,0,0,0,0,0,0,0,0,0,0,0,0,0]} 1. c4 Nf6 2. Nc3 e5 3. Nf3 Nc6 4. d3 g6 5. g3 Bg7 6. Bg2 O-O 7. O-O d6 8. b3 {A26: English Opening vs King's Indian with ...Nc6 and d3} Nd4 9. Nd2 c6 10. e3 Ne6 {LiveBook: 4 Games} 11. Bb2 $146 ({Predecessor:} 11. Ba3 Re8 12. Nde4 Nxe4 13. dxe4 Qa5 14. Bb2 Qc7 15. Qd2 Nc5 {½-½ (30) Malakhov,V (2694)-Ding,L (2710) China 2014}) 11... Nc5 12. Qc2 a5 13. Rae1 Re8 14. h3 Bf5 15. e4 Bd7 16. Ne2 b5 17. d4 exd4 18. Nxd4 Rc8 19. N4f3 d5 $36 {[%mdl 2048] Black has some pressure.} 20. exd5 Rxe1 21. Rxe1 (21. Nxe1 $15 cxd5 22. cxd5) 21... cxd5 (21... Bf5 $1 $17 {[%cal Rf5c2]} 22. Qd1 Nd3 23. Bxf6 Bxf6) 22. cxb5 (22. Ne5 $11) 22... Bf5 $15 23. Qd1 Nd3 $1 {[%csl LRb2,LRe1]} 24. Bd4 {[#]} Rc1 $1 {[%cal Rc1d1]} 25. Qxc1 Nxc1 26. Rxc1 Ne4 27. Nf1 Bxd4 28. Nxd4 {With the idea Ne3.} Qb6 29. Bxe4 (29. Rd1 $15) 29... dxe4 30. Nxf5 gxf5 {[%mdl 4096] Endgame KQ-KRN} 31. a4 Qe6 32. Ne3 Qxb3 33. Rc4 h5 34. h4 Kh7 35. Kg2 f6 36. Rd4 Kg6 37. Rc4 Kf7 38. Kh2 Kg6 39. Kg1 Qb1+ 40. Kg2 Qb3 41. Rd4 Kf7 42. Rd5 Qxa4 {aiming for ...Qb3.} 43. Rxf5 Kg6 44. b6 Qb3 45. Rxa5 Qxb6 46. Rd5 Qb2 47. Rf5 Qa2 48. Rc5 Qe2 49. Rc4 Qa2 50. Rb4 Qa5 51. Rb8 Qa2 52. Rd8 Qa5 53. Rd5 Qa2 54. Rf5 Qe6 55. Rd5 Qa6 56. g4 hxg4 57. h5+ Kf7 58. Rd7+ Ke6 59. Rg7 Qe2 60. h6 Qf3+ 61. Kg1 {[#]} g3 $1 62. Rxg3 (62. fxg3 Qxe3+) 62... Qh5 63. Rg7 $1 f5 {[%cal Bf6f5,Bf5f4][%mdl 32]} 64. h7 f4 65. Ng4 {[#]} (65. Ng2 $1 $11 Kf6 66. Rg6+ Kf5 67. Rg7) 65... Qh3 (65... Kf5 $1 $17 66. Nh2 Kf6) 66. Rg6+ $11 Kf5 67. Rg7 (67. Nh6+ $11 {was the only way to keep the balance.} Kxg6 68. h8=Q Qxh6 69. Qe8+ Kg5 70. Qe5+ Kg4 71. Qxe4) 67... Ke6 (67... Qh5 $17 68. Kg2 Qh4) 68. Rg6+ {The position is equal.} Kf5 69. Nh6+ Kxg6 70. h8=Q Qxh6 71. Qe8+ Kf5 72. Qb5+ Kg4 73. Qe2+ Kf5 {Hoping for ...Qg7+.} 74. Qb5+ {Precision: White = 61%, Black = 63%.} 1/2-1/2

[Event "World Chess Candidates 2018"]
[Site "Berlin"]
[Date "2018.03.18"]
[Round "7"]
[White "Aronian, Levon"]
[Black "Caruana, Fabiano"]
[Result "0-1"]
[WhiteElo "2794"]
[BlackElo "2784"]
[Annotator "TA"]
[PlyCount "74"]
[EventDate "2018.??.??"]
[EventType "tourn"]
[EventCountry "GER"]
[SourceTitle "playchess.com"]
[Source "ChessBase"]
[SourceQuality "1"]

{[%evp 24,74,33,22,11,0,40,-2,-2,-64,-69,-43,-68,-70,-90,-122,0,0,0,-72,-10,-13,-15,-33,-41,-179,-117,-102,-35,-52,-16,-281,-85,-82,-83,-87,-83,-83,0,0,0,-506,-485,-594,-580,-593,-589,-541,-539,-139,-522,-2585,-2654]} 1. d4 Nf6 2. c4 e6 3. Nf3 d5 4. Nc3 dxc4 5. e4 Bb4 6. Bg5 h6 7. Bxf6 Qxf6 8. Bxc4 c5 9. O-O {D39: Queen's Gambit Declined: Ragozin Defence with 5 Bg5 dxc4} cxd4 10. e5 Qd8 11. Ne4 O-O 12. Qe2 Be7 (12... Bd7 13. Rfd1 Nc6 14. Ng3 Bc5 15. a3 Ne7 16. Ne4 Bb6 17. Nxd4 Ng6 {½-½ (52) Ding,L (2771)-Aronian,L (2802) Tbilisi 2017}) 13. Rad1 {[%mdl 1024] LiveBook: 3 Games. White has compensation.} Qc7 {[#]} 14. Bd3 $146 ({Predecessor:} 14. Ng3 Rd8 15. Nh5 g6 16. Nf4 Nc6 {½-½ (31) Moiseenko,A (2671)-Meier,G (2644) Jerusalem 2017}) 14... Nd7 15. Rc1 Qa5 16. g4 (16. Ned2 $11) 16... Nxe5 $15 17. Nxe5 Qxe5 18. f4 Qa5 19. g5 Qd8 ({Don't play} 19... Qxa2 20. gxh6 g6 21. Rc7 $11) (19... hxg5 20. Nxg5 g6 21. Bxg6 $15) (19... g6 $17 {[%cal Rh6g5]} 20. gxh6 Kh7) 20. h4 $1 $11 Bd7 (20... Kh8 $11) 21. gxh6 $17 {[#]} g6 ({Reject} 21... gxh6 22. Qh5 $11) (21... f5 $1 $17 22. Ng5 Rf6 23. hxg7 Rg6) 22. h5 $1 $11 Kh8 $36 {[%mdl 2048] White is under pressure.} 23. Kh2 Bc6 24. Rf3 (24. Rf2 $15) 24... Bd6 ({Much less strong is} 24... gxh5 25. Rg1 $17) ({Better is} 24... Qa5 $19 25. Rh3 g5) 25. Qf2 $17 {[#] Threatens to win with Rxc6!} Bc7 (25... Bxe4 $1 $17 26. Qxd4+ e5 27. Qxe4 Qh4+ 28. Rh3 Qxf4+ 29. Qxf4 exf4) 26. Kh3 $1 $15 Qe7 {And now ...Rg8 would win.} 27. Ng5 $2 {[%mdl 8192]} (27. Rg1 $1 $11) 27... e5 $2 (27... gxh5 $19 {has better winning chances. White must now prevent ...e5.} 28. Rg3 e5) 28. Rxc6 $17 bxc6 {[#]} 29. Nxf7+ $1 {[%mdl 512]} Rxf7 (29... Qxf7 30. hxg6) 30. hxg6 Rf6 (30... Rxf4 $17 31. Rxf4 exf4 32. Qxd4+ Qe5 33. g7+ Kg8 34. Bc4+ Kh7 35. Qd3+ Kxh6) 31. g7+ $11 Kg8 32. Bc4+ $2 {[%mdl 8192]} (32. Qh4 $11) 32... Kh7 $19 33. Qh4 {intending Rg3.} e4 34. Rg3 {White threatens Qg4 and mate.} Bxf4 35. g8=Q+ Rxg8 36. Bxg8+ Kh8 37. Rg7 Qf8 {Precision: White = 43%, Black = 38%.} 0-1

[Event "World Chess Candidates 2018"]
[Site "Berlin"]
[Date "2018.03.18"]
[Round "7"]
[White "Grischuk, Alexander"]
[Black "Mamedyarov, Shakhriyar"]
[Result "1/2-1/2"]
[WhiteElo "2767"]
[BlackElo "2809"]
[Annotator "TA"]
[PlyCount "31"]
[EventDate "2018.??.??"]
[EventType "tourn"]
[EventCountry "GER"]
[SourceTitle "playchess.com"]
[Source "ChessBase"]
[SourceQuality "1"]

{[%evp 16,31,6,0,3,0,6,5,18,31,24,0,0,0,20,0,0,0]} 1. d4 Nf6 2. c4 e6 3. Nf3 d5 4. Nc3 Bb4 5. Bg5 {[%cal Bc1g5,Bg5h4,Bh4g3][%mdl 32]} h6 6. Bh4 g5 7. Bg3 Ne4 {D38: Queen's Gambit Declined: Ragozin Defence (4 Nf3 Bb4)} 8. Qc2 h5 9. h3 {LiveBook: 3 Games} Nc6 10. e3 Bxc3+ 11. bxc3 Nxg3 12. fxg3 Qd6 13. Qf2 $146 ({Predecessor:} 13. Kf2 h4 14. g4 {1-0 (49) Azmaiparashvili,Z (2650)-Nikolaidis,I (2565) Pula 1997}) 13... Qa3 {The position is equal.} 14. Qc2 Qd6 15. Qf2 Qa3 16. Qc2 1/2-1/2

[Event "World Chess Candidates 2018"]
[Site "Berlin"]
[Date "2018.03.18"]
[Round "7"]
[White "Karjakin, Sergey"]
[Black "So, Wesley"]
[Result "1-0"]
[WhiteElo "2763"]
[BlackElo "2799"]
[Annotator "TA"]
[PlyCount "80"]
[EventDate "2018.??.??"]
[EventType "tourn"]
[EventCountry "GER"]
[SourceTitle "playchess.com"]
[Source "ChessBase"]
[SourceQuality "1"]

{[%evp 16,80,26,35,61,47,50,51,77,23,28,6,13,-9,-7,-43,0,0,3,0,0,0,0,0,0,0,0,0,8,7,14,13,12,12,12,12,12,10,27,11,16,0,31,13,14,17,17,6,8,4,29,33,39,0,0,0,217,217,399,392,379,369,368,218,199,200,215]} 1. d4 Nf6 2. c4 e6 3. Nc3 Bb4 4. e3 O-O 5. Nf3 d5 6. Bd2 c5 7. a3 cxd4 {E51: Nimzo-Indian: Rubinstein: 4...0-0 5 Nf3 d5} (7... Bxc3 8. Bxc3 Ne4 9. Rc1 Nxc3 10. Rxc3 cxd4 11. Nxd4 dxc4 12. Bxc4 Bd7 13. O-O Nc6 14. Nb3 Qe7 15. Be2 Rfc8 16. Qd2 Nd8 17. Nc5 Be8 18. Rfc1 Rc7 19. Ne4 Rxc3 20. Qxc3 {½-½ (49) Riazantsev,A (2671)-Inarkiev,E (2709) Doha 2016}) 8. axb4 dxc3 9. Bxc3 {LiveBook: 5 Games} dxc4 {White is slightly better.} 10. Bxc4 Qxd1+ 11. Kxd1 $146 ({Predecessor:} 11. Rxd1 Bd7 12. Ne5 Rc8 13. Be2 Ba4 14. Ra1 Be8 15. Nc4 {1-0 (57) Sandipan,C (2569)-Visakh,N (2389) Kolkata 2015}) 11... Bd7 12. Ke2 (12. Bxf6 $16 {And now Bc3 would win.} gxf6 13. b5) 12... Rc8 $11 13. Bd3 Nd5 14. Ne5 Be8 15. Bd2 f6 (15... Na6 $5) 16. Nc4 Rd8 17. Rhc1 Nc6 {[%cal Bb8c6,Bc6b4,Bb4d3][%mdl 32]} 18. Be4 Ndxb4 19. Bxb4 Nxb4 20. Bxb7 Rab8 21. Rxa7 Rd7 22. Na5 Nd3 23. Rd1 Nxb2 24. Rxd7 Bxd7 25. Bc6 Bxc6 26. Nxc6 {[%mdl 4096] Endgame KRN-KRN} Re8 27. e4 Nc4 28. Kd3 Nd6 29. f4 Kf8 30. e5 fxe5 31. fxe5 Nf5 32. g4 Nh4 33. Kc4 Nf3 $1 34. Ra2 Rc8 35. Kb5 Ke8 $2 {[#]} (35... Rc7 $1 $11) 36. Kb6 $1 $18 g5 $2 (36... h6 {keeps fighting.} 37. Kb7 Kd7 38. Nb8+ Kd8) 37. h3 Nxe5 38. Nxe5 Rc3 39. Rh2 (39. Ra7 $142) 39... Ke7 40. Kb5 Re3 {Precision: White = 59%, Black = 65%.} 1-0

[Event "World Chess Candidates 2018"]
[Site "Berlin"]
[Date "2018.03.19"]
[Round "8"]
[White "Mamedyarov, Shakhriyar"]
[Black "Karjakin, Sergey"]
[Result "1/2-1/2"]
[WhiteElo "2809"]
[BlackElo "2763"]
[Annotator "TA"]
[PlyCount "60"]
[EventDate "2018.??.??"]
[EventType "tourn"]
[EventCountry "GER"]
[SourceTitle "playchess.com"]
[Source "ChessBase"]
[SourceQuality "1"]

{[%evp 14,60,13,15,13,0,0,-3,0,0,3,0,0,0,0,0,22,11,15,17,23,23,25,15,27,33,36,8,18,12,24,27,31,16,23,35,19,6,7,8,7,7,10,7,10,0,0,0,14]} 1. d4 Nf6 2. c4 e6 3. Nf3 d5 4. g3 Be7 5. Bg2 O-O 6. O-O dxc4 7. Qc2 c6 {E05: Open Catalan: 5 Nf3 Be7} (7... a6 8. a4 Bd7 9. Qxc4 Bc6 10. Bg5 h6 11. Bxf6 Bxf6 12. Nc3 Bxf3 13. Bxf3 Qxd4 14. Qxc7 Nc6 15. Qxb7 Na5 16. Qc7 Qd8 17. Qf4 Rb8 18. Rfd1 {1-0 (33) Mamedyarov,S (2804)-Wei,Y (2743) Wijk aan Zee 2018}) 8. a4 {LiveBook: 4 Games} b6 9. Nbd2 Bb7 10. Nxc4 c5 $146 ({Find the theoretical novelty and annotate with similar games:} 10... Nbd7 11. Rd1 Rc8 12. Nfe5 Nd5 13. Qb3 Ba6 14. e4 N5f6 15. Bg5 {0-1 (29) Poulopoulos,I (2212)-Erenberg,A (2359) Pardubice 2016}) 11. Rd1 Nbd7 12. b3 Rc8 13. dxc5 Bxc5 14. Nfe5 Bxg2 15. Kxg2 Qc7 16. Nxd7 Nxd7 17. Qe4 Nf6 18. Qf3 Qc6 19. Qxc6 Rxc6 20. f3 Rfc8 21. e4 Kf8 22. Bf4 Be7 23. Rd3 Rd8 24. Rxd8+ Bxd8 25. Rd1 {The position is equal.} Be7 26. Ne5 Rc2+ 27. Rd2 Rc3 28. Rd3 Rc2+ 29. Rd2 Rc3 30. Rd3 Rc2+ {Precision: White = 75%, Black = 59%.} 1/2-1/2